| 000 | 00508nam a2200181Ia 4500 | ||
|---|---|---|---|
| 003 | GCL | ||
| 008 | 140319s9999 xx 000 0 eng d | ||
| 040 |
_aGCL / _cGCL |
||
| 082 | 0 | 4 |
_a305.5 _bF E |
| 100 | 1 | _aFRADIN, BERNARD | |
| 245 | 1 | 0 |
_aL'ENQUETE SUR LES CATEGORIES: DE DURKHEIM A SACKS / _cFRADIN, BERNARD |
| 700 | 1 | _aQUERE, LOWIS | |
| 260 |
_a[S.N] : _bECOLE DES HAUTES ETUDES EN SCIENCES SOCI ، _c1994 |
||
| 300 | _a301 P | ||
| 650 | 0 | 4 | _aالمرئيات |
| 650 | 0 | 4 | _aSOCIOLOGY |
| 942 |
_2ddc _cBK |
||
| 999 |
_c16413 _d16413 |
||